[Event "TUR Cup"]
[Site "Antalya"]
[Date "2020.01.29"]
[Round "6"]
[White "Deva, Atilla"]
[Black "Durak, Behzat"]
[Result "1/2-1/2"]
[WhiteElo "1660"]
[BlackElo "1515"]
[PlyCount "101"]
[EventDate "2020.01.26"]
[EventType "swiss"]
[EventRounds "11"]
[EventCountry "TUR"]
[SourceTitle "CBM 194 Extra"]
[Source "ChessBase"]
[SourceDate "2020.03.31"]
[SourceVersion "1"]
[SourceVersionDate "2020.03.31"]
[SourceQuality "1"]

1. d4 Nf6 2. Bf4 e6 3. Nf3 Bb4+ 4. c3 Ba5 5. e3 a6 6. Nbd2 h6 7. Bd3 d5 8. Ne5 Bb6 9. h4 Bd7 10. g4 Qe7 11. Qf3 Nc6 12. g5 hxg5 13. hxg5 Rxh1+ 14. Qxh1 Ng8 15. Qh7 Qf8 16. Nxd7 Kxd7 17. 0-0-0 Nge7 18. Nf3 g6 19. Rh1 Re8 20. Be5 Qg8 21. Bf6 Ba7 22. Bxe7 Kxe7 23. Rh6 Qxh7 24. Rxh7 Rg8 25. Nh4 Ke8 26. f4 Ne7 27. Nf3 Bb8 28. Ne5 Rf8 29. Ng4 c6 30. Nf6+ Kd8 31. b4 Bd6 32. Kd2 Bc7 33. Ke2 Kc8 34. Kf3 a5 35. a3 b5 36. Ng4 axb4 37. axb4 Kd7 38. Nh6 Ke8 39. e4 Bd6 40. exd5 Nxd5 41. Nxf7 Bxf4 42. Bxg6 Bxg5 43. Kg3 Bf4+ 44. Kh3 Bd2 45. Ne5+ Kd8 46. Nxc6+ Kc8 47. Na7+ Kb8 48. Nc6+ Kc8 49. Na7+ Kb8 50. Nc6+ Kc8 51. Na7+ 1/2-1/2

[Event "TUR Cup"]
[Site "Antalya"]
[Date "2020.01.27"]
[Round "3"]
[White "Kocakaplan, Emre"]
[Black "Deva, Atilla"]
[Result "1-0"]
[WhiteElo "1857"]
[BlackElo "1660"]
[PlyCount "73"]
[EventDate "2020.01.26"]
[EventType "swiss"]
[EventRounds "11"]
[EventCountry "TUR"]
[SourceTitle "CBM 194 Extra"]
[Source "ChessBase"]
[SourceDate "2020.03.31"]
[SourceVersion "1"]
[SourceVersionDate "2020.03.31"]
[SourceQuality "1"]

1. Nf3 d6 2. d4 Nd7 3. c4 e5 4. Nc3 c6 5. g3 Ngf6 6. e4 Be7 7. Bg2 Qc7 8. 0-0 h6 9. Qc2 a5 10. h3 Nf8 11. Be3 Ng6 12. Rfd1 Bd7 13. Rac1 Rd8 14. Na4 exd4 15. Nxd4 c5 16. Nf5 Bxf5 17. exf5 Ne5 18. Nc3 0-0 19. b3 Nc6 20. Rd2 Rd7 21. Rcd1 Rfd8 22. Qb1 Bf8 23. g4 Ne7 24. Bf4 Ne8 25. Qd3 Qb6 26. Qg3 g5 27. fxg6 Nxg6 28. Nd5 Qa6 29. a4 Bg7 30. h4 Nxf4 31. Qxf4 f6 32. Be4 Qa7 33. Bf5 b6 34. Bxd7 Qxd7 35. Re2 Qf7 36. Qf5 Bf8 37. Rde1 1-0

[Event "TUR-chT Clubs"]
[Site "Konya"]
[Date "2019.07.16"]
[Round "1.25"]
[White "Acar, Ilhami"]
[Black "Deva, Atilla"]
[Result "1-0"]
[WhiteElo "1636"]
[BlackElo "1595"]
[PlyCount "59"]
[EventDate "2019.07.16"]
[EventType "team-swiss"]
[EventRounds "9"]
[EventCountry "TUR"]
[SourceTitle "CBM 191 Extra"]
[Source "ChessBase"]
[SourceDate "2019.09.30"]
[SourceVersion "1"]
[SourceVersionDate "2019.09.30"]
[SourceQuality "1"]
[WhiteTeam "Nazilli Belediyesi"]
[BlackTeam "Dumlupinar Turk"]
[WhiteTeamCountry "TUR"]
[BlackTeamCountry "TUR"]

1. e4 d6 2. d4 Nf6 3. Nc3 Nbd7 4. Nf3 e5 5. Bc4 Be7 6. 0-0 c6 7. Bb3 h6 8. Qe2 Qc7 9. Rd1 Nb6 10. a4 a5 11. h3 g5 12. dxe5 dxe5 13. Be3 g4 14. Bxb6 gxf3 15. Qe3 Qb8 16. Qxf3 Be6 17. Bxe6 fxe6 18. Rd3 Ra6 19. Be3 b6 20. Rad1 Qc7 21. Qg3 Rg8 22. Qh4 Rg6 23. Bxh6 Ra7 24. Bg5 Ng8 25. Qh5 Kf7 26. Rg3 Bxg5 27. Rxg5 Ne7 28. Qh7+ Kf6 29. Rg3 Qb8 30. Rf3+ 1-0

[Event "TUR Cup"]
[Site "Antalya"]
[Date "2019.02.01"]
[Round "9"]
[White "Deva, Atilla"]
[Black "Orel, Yusuf"]
[Result "1/2-1/2"]
[WhiteElo "1621"]
[BlackElo "1308"]
[PlyCount "156"]
[EventDate "2019.01.27"]
[EventType "swiss"]
[EventRounds "11"]
[EventCountry "TUR"]
[SourceTitle "CBM 188 Extra"]
[Source "ChessBase"]
[SourceDate "2019.02.26"]
[SourceVersion "1"]
[SourceVersionDate "2019.02.26"]
[SourceQuality "1"]

1. d4 Nf6 2. Bf4 d5 3. e3 Bf5 4. c3 e6 5. Nd2 c5 6. Ngf3 Be7 7. Bxb8 Qxb8 8. Qa4+ Kf8 9. Ne5 a6 10. g4 b5 11. Qd1 cxd4 12. exd4 Bd6 13. gxf5 Bxe5 14. dxe5 Qxe5+ 15. Qe2 Qxf5 16. Qd3 Qe5+ 17. Qe3 Qd6 18. Nb3 Nd7 19. Qg3 e5 20. Bg2 Re8 21. 0-0-0 Nb6 22. Kb1 g6 23. Qh4 Kg7 24. Rhf1 f5 25. Qb4 Qxb4 26. cxb4 e4 27. Nc5 Ra8 28. b3 Kf6 29. f4 Rhd8 30. Rd4 Ke7 31. Re1 Kf6 32. h4 h5 33. Kb2 Ra7 34. Re3 Rda8 35. Bf1 Ke7 36. Nd3 Kd6 37. Ne5 a5 38. bxa5 Rxa5 39. a4 Kc5 40. Rc3+ Nc4+ 41. bxc4 bxc4 42. Rxd5+ Kxd5 43. Bxc4+ Kd6 44. Bb5 Kd5 45. Bc6+ Kd4 46. Rc4+ Ke3 47. Bxa8 Rxa8 48. Nxg6 Kf3 49. Kb3 e3 50. Ne5+ Kf2 51. Nd3+ Kf1 52. Rc1+ Ke2 53. Nb4 Rd8 54. a5 Kf2 55. a6 e2 56. Nc2 Rd1 57. Kb2 Kg3 58. a7 Rd8 59. Nd4 Re8 60. Re1 Kxh4 61. Rxe2 Ra8 62. Re7 Kg4 63. Ne6 h4 64. Rh7 h3 65. Kc3 Kg3 66. Kc4 h2 67. Rb7 Rxa7 68. Rxa7 h1Q 69. Rg7+ Kf2 70. Kc5 Ke3 71. Kd6 Ke4 72. Rc7 Qd1+ 73. Ke7 Qa1 74. Rc5 Kf3 75. Rxf5 Qh8 76. Rg5 Ke4 77. Re5+ Qxe5 78. fxe5 Kxe5 1/2-1/2

[Event "TUR Cup"]
[Site "Antalya"]
[Date "2019.01.28"]
[Round "2"]
[White "Ikizler, Mualla Hatun"]
[Black "Deva, Atilla"]
[Result "0-1"]
[WhiteElo "1335"]
[BlackElo "1621"]
[PlyCount "54"]
[EventDate "2019.01.27"]
[EventType "swiss"]
[EventRounds "11"]
[EventCountry "TUR"]
[SourceTitle "CBM 188 Extra"]
[Source "ChessBase"]
[SourceDate "2019.02.26"]
[SourceVersion "1"]
[SourceVersionDate "2019.02.26"]
[SourceQuality "1"]

1. e4 d6 2. d4 Nf6 3. Nc3 Nbd7 4. Nf3 e5 5. d5 c6 6. Bg5 Qc7 7. dxc6 bxc6 8. Be2 Be7 9. 0-0 h6 10. Bh4 g5 11. Bg3 Nc5 12. Nd2 Rb8 13. b3 Qa5 14. Na4 Nxa4 15. bxa4 Qxa4 16. Bd3 Be6 17. a3 0-0 18. h3 Rb2 19. f3 Nh5 20. Kh2 c5 21. Qc1 Rfb8 22. c4 Nf4 23. Bxf4 exf4 24. Re1 Bf6 25. Rb1 Qxa3 26. Be2 Qe3 27. Rxb2 Rxb2 0-1

[Event "TUR-chT2"]
[Site "Konya"]
[Date "2018.07.14"]
[Round "8.22"]
[White "Deva, Atilla"]
[Black "Topal, Hasan Gokmen"]
[Result "1/2-1/2"]
[WhiteElo "1629"]
[BlackElo "1597"]
[PlyCount "60"]
[EventDate "2018.07.10"]
[EventType "team-swiss"]
[EventRounds "9"]
[EventCountry "TUR"]
[SourceTitle "EXT 2019"]
[Source "ChessBase"]
[SourceDate "2018.10.10"]
[SourceVersion "1"]
[SourceVersionDate "2018.10.10"]
[SourceQuality "1"]
[WhiteTeam "Dulumpinar Turk"]
[BlackTeam "Osmaniye Kadirli Savrun"]
[WhiteTeamCountry "TUR"]
[BlackTeamCountry "TUR"]

1. d4 Nf6 2. Bf4 g6 3. Nc3 d6 4. e4 Bg7 5. Qd2 0-0 6. 0-0-0 Nbd7 7. Bh6 e5 8. Bxg7 Kxg7 9. dxe5 dxe5 10. Nf3 Re8 11. h4 h5 12. Ng5 Qe7 13. Bc4 Rf8 14. Rhf1 Nb6 15. Bb3 Nh7 16. f4 Nxg5 17. fxg5 Bg4 18. Rde1 c6 19. Rf6 Rad8 20. Qf2 Rd7 21. Nd1 Rxd1+ 22. Rxd1 Bxd1 23. Kxd1 Nd7 24. Rf3 Nc5 25. Qe2 Rd8+ 26. Kc1 Nxb3+ 27. axb3 Qc5 28. Rf1 Rd7 29. Qf3 a6 30. c3 a5 1/2-1/2

[Event "TUR Cup										"]
[Site "Antalya"]
[Date "2018.02.01"]
[Round "8"]
[White "Deva, Atilla"]
[Black "Suvar, Necati"]
[Result "1-0"]
[WhiteElo "1612"]
[BlackElo "1311"]
[PlyCount "89"]
[EventDate "2018.01.27"]
[EventType "swiss"]
[EventRounds "11"]
[EventCountry "TUR"]
[SourceTitle "CBM 182 Extra"]
[Source "ChessBase"]
[SourceDate "2018.02.23"]
[SourceVersion "1"]
[SourceVersionDate "2018.02.23"]
[SourceQuality "1"]

1. d4 Nf6 2. Bf4 d6 3. e3 Bg4 4. f3 Bh5 5. Nd2 Nbd7 6. Bg3 e5 7. c3 Be7 8. e4 0-0 9. Bf2 a5 10. h4 h6 11. g4 Bg6 12. Be3 Nh7 13. h5 Bh4+ 14. Bf2 Bxf2+ 15. Kxf2 Qf6 16. hxg6 fxg6 17. d5 Ng5 18. Kg2 h5 19. gxh5 gxh5 20. Nh3 Qg6 21. Nxg5 Qxg5+ 22. Kf2 Nf6 23. Bh3 Ng4+ 24. Bxg4 hxg4 25. Qe2 Rf6 26. Rag1 Raf8 27. Qe3 Rf4 28. Rg3 R8f7 29. Ke1 Qg6 30. Qg1 Qg5 31. Rxg4 Rxg4 32. Qxg4 Qe3+ 33. Kd1 g5 34. Qc8+ Rf8 35. Rh8+ Kxh8 36. Qxf8+ Kh7 37. Qe7+ Kh6 38. Qxc7 a4 39. Qxd6+ Kh5 40. Qxe5 a3 41. bxa3 Kh6 42. Qf6+ Kh7 43. Qf7+ Kh6 44. Qxb7 Qxc3 45. Qc6+ 1-0

[Event "TUR Cup										"]
[Site "Antalya"]
[Date "2018.01.29"]
[Round "4"]
[White "Nay, Nezafet"]
[Black "Deva, Atilla"]
[Result "0-1"]
[WhiteElo "1279"]
[BlackElo "1612"]
[PlyCount "110"]
[EventDate "2018.01.27"]
[EventType "swiss"]
[EventRounds "11"]
[EventCountry "TUR"]
[SourceTitle "CBM 182 Extra"]
[Source "ChessBase"]
[SourceDate "2018.02.23"]
[SourceVersion "1"]
[SourceVersionDate "2018.02.23"]
[SourceQuality "1"]

1. e4 d6 2. Nf3 Nd7 3. Bc4 Ngf6 4. d3 h6 5. 0-0 e5 6. h3 Be7 7. a3 c6 8. Be3 Qc7 9. Nc3 Nf8 10. Nh2 g5 11. Qf3 Ng6 12. Ng4 Bxg4 13. hxg4 Qd7 14. d4 Qxg4 15. Qxg4 Nxg4 16. dxe5 dxe5 17. Rad1 Nxe3 18. fxe3 Rf8 19. Rd3 Rd8 20. g3 Rxd3 21. cxd3 Bc5 22. Kf2 a5 23. Ke2 Ke7 24. Rb1 b5 25. Ba2 a4 26. Rc1 Bd6 27. Nd1 Kd7 28. Nf2 h5 29. Nh3 f6 30. Rf1 Be7 31. Rd1 Rh8 32. d4 exd4 33. Rxd4+ Kc7 34. Be6 Ne5 35. Bf5 Bd6 36. Rd1 h4 37. gxh4 Rxh4 38. Rg1 Nc4 39. Rb1 Be5 40. Rd1 Nd6 41. Nf2 Rh2 42. Kf3 Bxb2 43. Ng4 Rh3+ 44. Kg2 Rh8 45. Rd3 Rd8 46. Rd1 Nxf5 47. Rxd8 Nxe3+ 48. Kf3 Nxg4 49. Rg8 Ne5+ 50. Ke2 Bxa3 51. Rg7+ Nd7 52. Rg8 Bd6 53. Kd3 Be5 54. Kc2 Nc5 55. Rg7+ Kb6 0-1